000 00796 a2200217 4500
003 UA-OsUOA
005 20260130103703.0
008 260130b un ||||| |||| 00| 0 ukr d
020 _a5770726970
040 _bukr
_cUA-OsUOA
080 _a821.161.2
090 _a821.161.2
_bТ67
100 _aТрінчук Я.
_923087
245 _aВіддай мені болі свої (Самітники)
_bроман-імпресія
_cЯрослав Трінчук
260 _aДніпропетровськ
_bПороги
_c1992
300 _a177 с.
650 _a821.161.2 Українська література
_941
942 _cBK
_2udc
955 _a3
999 _c579631
_d579631